| 000 | 00734cab a2200241 4500 | ||
|---|---|---|---|
| 001 | WB3226-23 | ||
| 008 | 090401t1996 xxu||||| |||| 00| 0 eng d | ||
| 035 | _a(Sirsi) u44885 | ||
| 041 | _aeng | ||
| 245 | _aBCO disaster plan | ||
| 260 | _c1996 | ||
| 350 | _a0 | ||
| 490 |
_aProperty Week _v56(1) 5 July 1996, 7(1) |
||
| 520 | _aAs a result of IRA bombings the British Council of Offices is to establish a database of vacant properties into which companies could relocate in an emergency. | ||
| 650 | _aBOMB DAMAGE | ||
| 650 | _aDISASTER PLANNING | ||
| 650 | _aOFFICES | ||
| 650 | _aVACANT BUILDINGS | ||
| 690 | _aBUILT ENVIRONMENT | ||
| 690 | _aOFFICE SERVICES AND ADMINISTRATION | ||
| 942 | _n0 | ||
| 948 | _c04/03/1997 | ||
| 999 |
_c28525 _d28525 |
||